Songs of heaven. (Record no. 6198)

000 -LEADER
fixed length control field 00592nam a2200181 a 4500
001 - CONTROL NUMBER
control field :::00003941$&:&@@
003 - CONTROL NUMBER IDENTIFIER
control field OkBaRHE
005 - DATE AND TIME OF LATEST TRANSACTION
control field 20000607103315.0
008 - FIXED-LENGTH DATA ELEMENTS--GENERAL INFORMATION
fixed length control field s1980 j 000 0 eng u
040 ## - CATALOGING SOURCE
Transcribing agency
100 1# - MAIN ENTRY--PERSONAL NAME
Personal name Coleman, Robert Emerson, 1928-
245 10 - TITLE STATEMENT
Title Songs of heaven.
260 ## - PUBLICATION, DISTRIBUTION, ETC. (IMPRINT)
Place of publication, distribution, etc Old Tappan, NJ., :
Name of publisher, distributor, etc Fleming H. Revell Co.
Date of publication, distribution, etc c1980
300 ## - PHYSICAL DESCRIPTION
Extent 159 p. ;
Dimensions 22 cm.
650 ## - SUBJECT ADDED ENTRY--TOPICAL TERM
Topical term or geographic name as entry element Bible New Testament Revelation
General subdivision Criticism, Interpretation, etc.
942 ## - ADDED ENTRY ELEMENTS (KOHA)
Source of classification or shelving scheme
Koha item type Books
Copies
Shelving location Damaged status Date last seen Lost status Copy number Full call number Koha item type Source of classification or shelving scheme Not for loan Permanent Location Barcode Date acquired Withdrawn status Price effective from
General Stacks 2018-04-03 1BS 2825.2 .C57Books  RHEMA Bible Training College39412010-04-14 2010-04-14